[Event "Moscow Chess for TV"]
[Site "Moscow"]
[Date "2019.06.13"]
[Round "2.1"]
[White "Nepomniachtchi, Ian"]
[Black "Karjakin, Sergey"]
[Result "1/2-1/2"]
[WhiteElo "2775"]
[BlackElo "2748"]
[PlyCount "115"]
[EventDate "2019.06.10"]
[EventType "k.o."]
[EventRounds "6"]
[EventCountry "RUS"]
[SourceTitle "CBM 190 Extra"]
[Source "ChessBase"]
[SourceDate "2019.07.15"]
[SourceVersion "1"]
[SourceVersionDate "2019.07.15"]
[SourceQuality "1"]

1. e4 e5 2. Nf3 Nc6 3. Bb5 Nf6 4. Nc3 Nd4 5. O-O Nxb5 6. Nxb5 c6 7. Nc3 d6 8.
d4 Qc7 9. a4 Be7 10. h3 O-O 11. Bg5 Re8 12. Qd3 h6 13. Bh4 Nh5 14. Bxe7 Qxe7
15. Rfd1 Nf4 16. Qe3 Qf6 17. Ne2 Nxe2+ 18. Qxe2 exd4 19. Rxd4 d5 20. e5 Qg6 21.
Kh2 Bf5 22. Nh4 Qg5 23. Nxf5 Qxf5 24. Re1 Re7 25. f4 Rae8 26. g4 Qd7 27. c4 f6
28. cxd5 fxe5 29. d6 exd4 30. dxe7 d3 31. Qd2 Qd4 32. Kg3 Kf7 33. Qe3 Qxe3+ 34.
Rxe3 d2 35. Rd3 Rxe7 36. Rxd2 a5 37. f5 Re3+ 38. Kf4 Rb3 39. Rd7+ Kf6 40. Rd6+
Ke7 41. Re6+ Kf7 42. Rd6 Rxb2 43. h4 Rb4+ 44. Kg3 Rxa4 45. Rd7+ Kf6 46. Rxb7
Ra3+ 47. Kf4 Ra4+ 48. Kg3 h5 49. g5+ Kxf5 50. Rxg7 Ra3+ 51. Kf2 Kg4 52. Rc7
Rf3+ 53. Ke2 Rg3 54. Rxc6 Kxh4 55. g6 a4 56. Ra6 a3 57. Kf2 Kh3 58. g7 1/2-1/2

[Event "Moscow Chess for TV"]
[Site "Moscow"]
[Date "2019.06.16"]
[Round "5.1"]
[White "Nepomniachtchi, Ian"]
[Black "Karjakin, Sergey"]
[Result "1/2-1/2"]
[WhiteElo "2775"]
[BlackElo "2748"]
[PlyCount "98"]
[EventDate "2019.06.10"]
[EventType "k.o."]
[EventRounds "6"]
[EventCountry "RUS"]
[SourceTitle "CBM 190 Extra"]
[Source "ChessBase"]
[SourceDate "2019.07.15"]
[SourceVersion "1"]
[SourceVersionDate "2019.07.15"]
[SourceQuality "1"]

1. e4 e5 2. Nf3 Nc6 3. Bc4 Bc5 4. c3 Nf6 5. d4 exd4 6. e5 d5 7. Bb5 Ne4 8. cxd4
Bb6 9. Nc3 O-O 10. Be3 Bg4 11. h3 Bh5 12. Qc2 Bg6 13. Qb3 Ne7 14. O-O c6 15.
Bd3 Nd2 16. Bxd2 Bxd3 17. Rfe1 Bg6 18. Na4 h6 19. Bb4 Re8 20. Nxb6 axb6 21. e6
f6 22. Nh4 Bh7 23. Qg3 Kh8 24. a3 g5 25. Qf3 Kg7 26. Bxe7 Rxe7 27. Nf5+ Bxf5
28. Qxf5 Qe8 29. Re3 Qg6 30. g4 h5 31. f4 hxg4 32. hxg4 gxf4 33. Qxf4 Rae8 34.
Rae1 Qg5 35. Qf5 Qh4 36. Kf1 Rh8 37. Ke2 Qh2+ 38. Kd1 Qxb2 39. g5 Qxd4+ 40. Kc1
Qa1+ 41. Kc2 Rh2+ 42. R1e2 Rxe2+ 43. Rxe2 Qa2+ 44. Kd1 Qb3+ 45. Kd2 Qb2+ 46.
Kd1 Qd4+ 47. Kc2 Qc4+ 48. Kd2 Qd4+ 49. Kc2 Qc4+ 1/2-1/2

[Event "Moscow Chess for TV"]
[Site "Moscow"]
[Date "2019.06.16"]
[Round "5.2"]
[White "Karjakin, Sergey"]
[Black "Nepomniachtchi, Ian"]
[Result "1/2-1/2"]
[WhiteElo "2748"]
[BlackElo "2775"]
[PlyCount "95"]
[EventDate "2019.06.10"]
[EventType "k.o."]
[EventRounds "6"]
[EventCountry "RUS"]
[SourceTitle "CBM 190 Extra"]
[Source "ChessBase"]
[SourceDate "2019.07.15"]
[SourceVersion "1"]
[SourceVersionDate "2019.07.15"]
[SourceQuality "1"]

1. e4 c5 2. Nf3 d6 3. Nc3 Nf6 4. d4 cxd4 5. Nxd4 a6 6. a4 e5 7. Nf3 Be7 8. Bc4
O-O 9. O-O Be6 10. Qe2 Qc8 11. Ba2 Nc6 12. Bg5 Ng4 13. Bxe7 Nxe7 14. Rfd1 Bxa2
15. Rxa2 Rd8 16. Nd2 Nf6 17. Nc4 Qc6 18. a5 d5 19. Nb6 Rab8 20. exd5 Nexd5 21.
Nbxd5 Nxd5 22. Nxd5 Rxd5 23. Rxd5 Qxd5 24. Ra1 Rd8 25. g3 f6 26. h4 g6 27. Ra3
Kg7 28. Rb3 Rd7 29. Rd3 Qc6 30. Rxd7+ Qxd7 31. Qc4 h5 32. b4 f5 33. Qc5 e4 34.
c4 Qd1+ 35. Kh2 Qe2 36. b5 axb5 37. cxb5 e3 38. Qe7+ Kg8 39. Qd8+ Kh7 40. Qc7+
Kh6 41. Qf4+ Kh7 42. Qxe3 Qxb5 43. Qe7+ Kg8 44. Qc7 Qd5 45. Qb8+ Kf7 46. Qa7
Qc6 47. Qd4 Ke6 48. Qd2 1/2-1/2

[Event "Moscow Chess for TV"]
[Site "Moscow"]
[Date "2019.06.16"]
[Round "6.1"]
[White "Nepomniachtchi, Ian"]
[Black "Karjakin, Sergey"]
[Result "0-1"]
[WhiteElo "2775"]
[BlackElo "2748"]
[PlyCount "50"]
[EventDate "2019.06.10"]
[EventType "k.o."]
[EventRounds "6"]
[EventCountry "RUS"]
[SourceTitle "CBM 190 Extra"]
[Source "ChessBase"]
[SourceDate "2019.07.15"]
[SourceVersion "1"]
[SourceVersionDate "2019.07.15"]
[SourceQuality "1"]

1. e4 e5 2. Nf3 Nc6 3. Bc4 Bc5 4. c3 Nf6 5. d4 exd4 6. e5 d5 7. Bb5 Ne4 8. cxd4
Bb6 9. Nc3 O-O 10. Be3 Bg4 11. h3 Bh5 12. Qc2 Nxc3 13. bxc3 f6 14. exf6 Qxf6
15. Be2 Bxf3 16. Bxf3 Ne7 17. O-O c6 18. Qb3 Nf5 19. Bd2 Bc7 20. Rae1 Qd6 21.
Re5 Qg6 22. Re2 h5 23. Qxb7 Nh4 24. Qxc7 Nxf3+ 25. Kh1 Rf7 0-1

[Event "Moscow Chess for TV"]
[Site "Moscow"]
[Date "2019.06.16"]
[Round "6.2"]
[White "Karjakin, Sergey"]
[Black "Nepomniachtchi, Ian"]
[Result "1-0"]
[WhiteElo "2748"]
[BlackElo "2775"]
[PlyCount "95"]
[EventDate "2019.06.10"]
[EventType "k.o."]
[EventRounds "6"]
[EventCountry "RUS"]
[SourceTitle "CBM 190 Extra"]
[Source "ChessBase"]
[SourceDate "2019.07.15"]
[SourceVersion "1"]
[SourceVersionDate "2019.07.15"]
[SourceQuality "1"]

1. e4 c5 2. Nf3 d6 3. Bb5+ Nd7 4. d4 cxd4 5. Qxd4 a6 6. Bxd7+ Bxd7 7. c4 Nf6 8.
Nc3 g6 9. O-O Bg7 10. Qd3 O-O 11. h3 b5 12. Be3 bxc4 13. Qxc4 Qb8 14. Qe2 Rc8
15. Rfc1 Bc6 16. Bg5 Qb7 17. Nd4 Bxe4 18. Re1 Bxg2 19. Qxe7 Qxe7 20. Rxe7 Bxh3
21. Rd1 Rab8 22. Rd3 Bg4 23. f3 Bh5 24. Re2 Nd7 25. Kf2 Ne5 26. Rd1 h6 27. Bf4
g5 28. Bxe5 dxe5 29. Nf5 Rc4 30. Ne4 Bg6 31. Ne7+ Kh7 32. Nxg6 fxg6 33. Rd7
Rcb4 34. b3 R4b7 35. Rd6 Ra7 36. Red2 a5 37. Rd7 Rxd7 38. Rxd7 Ra8 39. a4 Kg8
40. Kg3 Rb8 41. Ra7 Rxb3 42. Rxa5 h5 43. Ra8+ Bf8 44. Nxg5 Kg7 45. Ne6+ Kf6 46.
Nxf8 e4 47. Nh7+ Ke5 48. Re8+ 1-0

[Event "Eurasia rapid m"]
[Site "Ekaterinburg"]
[Date "2019.07.31"]
[Round "1"]
[White "Harikrishna, Pentala"]
[Black "Karjakin, Sergey"]
[Result "1/2-1/2"]
[WhiteElo "2734"]
[BlackElo "2748"]
[PlyCount "125"]
[EventDate "2019.07.31"]
[EventType "match (rapid)"]
[EventRounds "2"]
[EventCountry "RUS"]
[SourceTitle "CBM 191 Extra"]
[Source "ChessBase"]
[SourceDate "2019.09.30"]
[SourceVersion "1"]
[SourceVersionDate "2019.09.30"]
[SourceQuality "1"]

1. d4 Nf6 2. c4 e6 3. g3 Bb4+ 4. Nd2 c5 5. Ngf3 cxd4 6. Nxd4 Nc6 7. Nxc6 bxc6
8. Bg2 O-O 9. O-O d5 10. Nf3 a5 11. Qc2 Ba6 12. b3 h6 13. Bb2 Be7 14. Rfd1 Qb6
15. Rac1 a4 16. Ne5 axb3 17. axb3 Rfc8 18. e3 Rab8 19. Rd3 Rd8 20. Ba1 Nd7 21.
Nxd7 Rxd7 22. Be5 Rbd8 23. Rdd1 Rb7 24. cxd5 exd5 25. Qxc6 Qxc6 26. Rxc6 Be2
27. Rxd5 Rxb3 28. Rxd8+ Bxd8 29. h3 Rb5 30. f4 f6 31. Bd4 Rb8 32. Bd5+ Kf8 33.
Ba7 Rb1+ 34. Kf2 Bb5 35. Rc8 Ke7 36. Bc5+ Kd7 37. Ra8 Rf1+ 38. Kg2 Rc1 39. Ra7+
Bc7 40. Bf8 Rc2+ 41. Kf3 g6 42. Ra2 Rxa2 43. Bxa2 Bc6+ 44. Ke2 h5 45. Bf7 Be4
46. h4 Ba5 47. Bc5 Kd8 48. Ba3 Bc3 49. Bc4 Ke8 50. Bc1 Ke7 51. Bd2 Bxd2 52.
Kxd2 f5 53. Kc3 Kf6 54. Kd4 Bf3 55. Kc5 Bd1 56. Kd6 Ba4 57. Bd5 Bb5 58. Bb3 Be8
59. Bd5 Ba4 60. Bc6 Bb3 61. Kd7 Kf7 62. Kd8 Bc4 63. Kd7 1/2-1/2

[Event "Nazran Tower of Concord rapid"]
[Site "Nazran"]
[Date "2019.08.02"]
[Round "1"]
[White "Karjakin, Sergey"]
[Black "Inarkiev, Ernesto"]
[Result "1/2-1/2"]
[WhiteElo "2750"]
[BlackElo "2682"]
[PlyCount "148"]
[EventDate "2019.08.02"]
[EventType "match (rapid)"]
[EventRounds "6"]
[EventCountry "RUS"]
[SourceTitle "CBM 191 Extra"]
[Source "ChessBase"]
[SourceDate "2019.09.30"]
[SourceVersion "1"]
[SourceVersionDate "2019.09.30"]
[SourceQuality "1"]

1. e4 c5 2. Nf3 Nc6 3. Nc3 e5 4. Bc4 d6 5. d3 Be7 6. O-O Nf6 7. Nd5 O-O 8. a3
Be6 9. Ng5 Bxd5 10. exd5 Nb8 11. a4 Nbd7 12. a5 h6 13. Ne4 Rb8 14. Bd2 Qc7 15.
Qf3 Nh7 16. Qg3 Kh8 17. f4 f5 18. Nc3 a6 19. Ne2 Rbe8 20. Kh1 g5 21. fxe5 Nxe5
22. Qh3 f4 23. Qxh6 Rf6 24. Qh5 Rg6 25. d4 Nxc4 26. Qxg6 Rg8 27. Qd3 Nxd2 28.
Qxd2 Nf6 29. c4 Ng4 30. Rf3 Bf6 31. Raf1 cxd4 32. Nxd4 Qxc4 33. Nf5 Rd8 34. h3
Ne5 35. R3f2 Qe4 36. Qc2 Qxd5 37. Rd1 Qe6 38. Nd4 Qd7 39. Qb3 Re8 40. Qd5 Kg7
41. Qxd6 Qxd6 42. Nf5+ Kg6 43. Nxd6 Re7 44. Ne4 Nc4 45. Nxf6 Kxf6 46. Rc2 Ne3
47. Rd6+ Ke5 48. Rcd2 Rc7 49. Kg1 Rc1+ 50. Kf2 Rf1+ 51. Ke2 Rg1 52. Rd7 Rxg2+
53. Kd3 Rg3 54. Rh7 Nf1+ 55. Ke2 Nxd2 56. Kxd2 Rb3 57. Kc2 Rb5 58. Re7+ Kd4 59.
b3 Rf5 60. Kd2 Rb5 61. Rf7 Rxb3 62. h4 gxh4 63. Rxf4+ Kc5 64. Rxh4 Rb5 65. Ra4
Rb4 66. Ra1 Kb5 67. Ra3 Ra4 68. Rb3+ Kc6 69. Rc3+ Kd6 70. Rb3 Kc6 71. Rc3+ Kb5
72. Rc7 Rxa5 73. Rxb7+ Kc4 74. Kc2 Ra2+ 1/2-1/2

[Event "Nazran Tower of Concord rapid"]
[Site "Nazran"]
[Date "2019.08.02"]
[Round "2"]
[White "Inarkiev, Ernesto"]
[Black "Karjakin, Sergey"]
[Result "1/2-1/2"]
[WhiteElo "2682"]
[BlackElo "2750"]
[PlyCount "65"]
[EventDate "2019.08.02"]
[EventType "match (rapid)"]
[EventRounds "6"]
[EventCountry "RUS"]
[SourceTitle "CBM 191 Extra"]
[Source "ChessBase"]
[SourceDate "2019.09.30"]
[SourceVersion "1"]
[SourceVersionDate "2019.09.30"]
[SourceQuality "1"]

1. c4 Nf6 2. Nf3 e6 3. g3 d5 4. Bg2 dxc4 5. O-O a6 6. Qc2 Nbd7 7. a4 c5 8. a5
Be7 9. Qxc4 b5 10. axb6 Bb7 11. d3 O-O 12. Na3 Nxb6 13. Qb3 Bd5 14. Qc2 Qc7 15.
Bf4 Qb7 16. e4 Bc6 17. Ne5 Bb5 18. Nac4 Rfd8 19. Na5 Qc8 20. Rfc1 Nfd7 21. d4
Nxe5 22. Bxe5 Nd7 23. Bf4 g5 24. Bd2 cxd4 25. Qd1 Qb8 26. Qg4 Ne5 27. Qh5 Be8
28. Bxg5 f6 29. Qh3 fxg5 30. Qxe6+ Kf8 31. Qh6+ Kg8 32. Qe6+ Kf8 33. Qh6+
1/2-1/2

[Event "Nazran Tower of Concord rapid"]
[Site "Nazran"]
[Date "2019.08.03"]
[Round "4"]
[White "Inarkiev, Ernesto"]
[Black "Karjakin, Sergey"]
[Result "0-1"]
[WhiteElo "2682"]
[BlackElo "2750"]
[PlyCount "146"]
[EventDate "2019.08.02"]
[EventType "match (rapid)"]
[EventRounds "6"]
[EventCountry "RUS"]
[SourceTitle "CBM 191 Extra"]
[Source "ChessBase"]
[SourceDate "2019.09.30"]
[SourceVersion "1"]
[SourceVersionDate "2019.09.30"]
[SourceQuality "1"]

1. d4 Nf6 2. c4 e6 3. Nc3 Bb4 4. Nf3 O-O 5. Bg5 c5 6. Rc1 cxd4 7. Nxd4 h6 8.
Bxf6 Qxf6 9. e3 Nc6 10. a3 Bxc3+ 11. Rxc3 Rd8 12. Qf3 Qe5 13. Qg3 Qf6 14. Qf3
Qe7 15. Bd3 Ne5 16. Qd1 d5 17. cxd5 Nxd3+ 18. Qxd3 Rxd5 19. O-O Qd6 20. Rfc1
Bd7 21. Qc2 Rd8 22. h3 e5 23. Nf3 Bc6 24. b4 f6 25. Qb3 Kf8 26. Nh4 Be8 27. Nf5
Qd7 28. e4 Rd1+ 29. Kh2 Rxc1 30. Rxc1 Bg6 31. Qe3 b6 32. g4 Kg8 33. Rc3 Kh7 34.
Kg2 Qd1 35. Qc1 Qxc1 36. Rxc1 Rd3 37. Rc7 Bxf5 38. gxf5 Rxa3 39. b5 h5 40. h4
Ra5 41. Kg3 Kh6 42. Rf7 Rxb5 43. Rxa7 Rc5 44. Rb7 Rc6 45. f3 Kh7 46. Kf2 Rc2+
47. Kg3 Rb2 48. Kh3 b5 49. Kg3 b4 50. Rb6 Rb1 51. Rb8 b3 52. Kh2 b2 53. Kg2 g6
54. Rb7+ Kh6 55. fxg6 Kxg6 56. Rb6 Kf7 57. Kh2 Ke7 58. Kg2 Kd7 59. Rb3 Kc6 60.
Rb8 Kc5 61. Rc8+ Kd4 62. Rb8 Kc3 63. Rc8+ Kd3 64. Rb8 Re1 65. Rxb2 Re2+ 66.
Rxe2 Kxe2 67. Kg3 Kf1 68. f4 Ke2 69. fxe5 fxe5 70. Kg2 Ke3 71. Kf1 Kxe4 72. Ke2
Kf4 73. Kf2 Kg4 0-1

[Event "Nazran Tower of Concord rapid"]
[Site "Nazran"]
[Date "2019.08.03"]
[Round "5"]
[White "Karjakin, Sergey"]
[Black "Inarkiev, Ernesto"]
[Result "1/2-1/2"]
[WhiteElo "2750"]
[BlackElo "2682"]
[PlyCount "69"]
[EventDate "2019.08.02"]
[EventType "match (rapid)"]
[EventRounds "6"]
[EventCountry "RUS"]
[SourceTitle "CBM 191 Extra"]
[Source "ChessBase"]
[SourceDate "2019.09.30"]
[SourceVersion "1"]
[SourceVersionDate "2019.09.30"]
[SourceQuality "1"]

1. d4 d5 2. c4 e6 3. Nf3 dxc4 4. e3 Nf6 5. Bxc4 c5 6. O-O a6 7. Nc3 b5 8. Be2
Bb7 9. dxc5 Bxc5 10. Qxd8+ Kxd8 11. Bd2 Ke7 12. Rfc1 Nbd7 13. Ne1 Rac8 14. Nd3
Bd6 15. f3 Rhd8 16. Nd1 Nc5 17. Ba5 Re8 18. N1f2 Nfd7 19. e4 e5 20. Bd1 g6 21.
Kf1 f5 22. Bc2 fxe4 23. Nxc5 Nxc5 24. Nxe4 Nxe4 25. Bxe4 Bxe4 26. fxe4 Ke6 27.
Ke2 Bc5 28. Rc2 Rf8 29. Rac1 Rf2+ 30. Kd3 Rxc2 31. Rxc2 Kd7 32. b3 Bg1 33. Rxc8
Kxc8 34. h3 Kd7 35. Bc3 1/2-1/2

[Event "Nazran Tower of Concord rapid"]
[Site "Nazran"]
[Date "2019.08.03"]
[Round "6"]
[White "Inarkiev, Ernesto"]
[Black "Karjakin, Sergey"]
[Result "0-1"]
[WhiteElo "2682"]
[BlackElo "2750"]
[PlyCount "132"]
[EventDate "2019.08.02"]
[EventType "match (rapid)"]
[EventRounds "6"]
[EventCountry "RUS"]
[SourceTitle "CBM 191 Extra"]
[Source "ChessBase"]
[SourceDate "2019.09.30"]
[SourceVersion "1"]
[SourceVersionDate "2019.09.30"]
[SourceQuality "1"]

1. d4 Nf6 2. c4 e6 3. Nc3 Bb4 4. Nf3 O-O 5. Bg5 c5 6. Rc1 cxd4 7. Nxd4 h6 8.
Bh4 d5 9. cxd5 g5 10. Bg3 Qxd5 11. h4 Ne4 12. e3 Nc6 13. Qf3 Nxd4 14. exd4 Nxg3
15. Qxg3 Qxd4 16. hxg5 Bd6 17. Qf3 Qe5+ 18. Be2 Qxg5 19. Rd1 Be5 20. Rh5 Qf4
21. Qxf4 Bxf4 22. g3 Bg5 23. Ne4 Be7 24. Rxh6 Rd8 25. Rxd8+ Bxd8 26. Nd6 Be7
27. Nxc8 Rxc8 28. Rh5 a6 29. Kd1 Bf6 30. b3 Bb2 31. a4 Rc1+ 32. Kd2 Ra1 33. Bf3
b6 34. Be2 a5 35. Rh4 Ba3 36. Bc4 Ra2+ 37. Ke1 Bc5 38. Rf4 Kg7 39. Kf1 Rd2 40.
Rf3 Kg6 41. g4 Rd4 42. Bd3+ Kg7 43. Ke2 Bd6 44. g5 Rg4 45. g6 f5 46. Re3 Rxg6
47. Bc4 Kf7 48. Kd3 Bc5 49. Re2 Ke7 50. Kc2 Bd6 51. Kd3 e5 52. Bd5 Kf6 53. f3
Rg1 54. Bb7 Kg5 55. Kc4 Kf4 56. Rh2 Rd1 57. Kb5 Bc5 58. Rh5 Rd4 59. Ka6 e4 60.
fxe4 fxe4 61. Rh4+ Ke3 62. Bc6 Kd3 63. Bb5+ Kc3 64. Rh3+ Rd3 65. Rh4 e3 66. Re4
Kd2 0-1

[Event "Nazran Tower of Concord blitz"]
[Site "Nazran"]
[Date "2019.08.04"]
[Round "1"]
[White "Inarkiev, Ernesto"]
[Black "Karjakin, Sergey"]
[Result "0-1"]
[WhiteElo "2682"]
[BlackElo "2750"]
[PlyCount "80"]
[EventDate "2019.08.04"]
[EventType "match (blitz)"]
[EventRounds "8"]
[EventCountry "RUS"]
[SourceTitle "CBM 191 Extra"]
[Source "ChessBase"]
[SourceDate "2019.09.30"]
[SourceVersion "1"]
[SourceVersionDate "2019.09.30"]
[SourceQuality "1"]

1. d4 Nf6 2. Nf3 d5 3. g3 c6 4. c4 Bg4 5. Ne5 Bf5 6. Nc3 e6 7. Qb3 Qb6 8. c5
Qc7 9. Bg2 Nbd7 10. Bf4 Nh5 11. e3 Nxf4 12. exf4 Be7 13. O-O O-O 14. Rac1 Nxe5
15. fxe5 f6 16. f4 fxe5 17. fxe5 Bg5 18. Rce1 b6 19. Na4 Rab8 20. cxb6 axb6 21.
Qc3 Qd7 22. b3 Rfc8 23. h4 Be7 24. Qd2 c5 25. dxc5 b5 26. Rxf5 exf5 27. Nb2
Bxc5+ 28. Kh2 d4 29. Nd3 Be7 30. Nf4 Kh8 31. Bd5 Qa7 32. Be6 Rc5 33. Bxf5 Rf8
34. Bd3 Rc3 35. Qe2 Bxh4 36. Ne6 Rxd3 37. Qxd3 Rf2+ 38. Kg1 Qxa2 39. Qe4 Bxg3
40. Ng5 Rf1+ 0-1

[Event "Nazran Tower of Concord blitz"]
[Site "Nazran"]
[Date "2019.08.04"]
[Round "3"]
[White "Inarkiev, Ernesto"]
[Black "Karjakin, Sergey"]
[Result "1/2-1/2"]
[WhiteElo "2682"]
[BlackElo "2750"]
[PlyCount "89"]
[EventDate "2019.08.04"]
[EventType "match (blitz)"]
[EventRounds "8"]
[EventCountry "RUS"]
[SourceTitle "CBM 191 Extra"]
[Source "ChessBase"]
[SourceDate "2019.09.30"]
[SourceVersion "1"]
[SourceVersionDate "2019.09.30"]
[SourceQuality "1"]

1. Nf3 d5 2. d4 Nf6 3. g3 c6 4. c4 Bf5 5. Nc3 e6 6. Nh4 Bg4 7. h3 Bh5 8. Qb3
Qb6 9. c5 Qc7 10. Bf4 Qc8 11. g4 Bg6 12. Nxg6 hxg6 13. Bg2 Nbd7 14. g5 Nh5 15.
Bh2 Be7 16. h4 b6 17. cxb6 axb6 18. e4 O-O 19. O-O-O b5 20. Rhe1 b4 21. Ne2 Nb6
22. Kb1 Nc4 23. Nc1 Bd6 24. e5 Be7 25. Nd3 Ra5 26. Bf1 Qa6 27. Re2 Ra8 28. Nc1
c5 29. Rc2 cxd4 30. Bxc4 dxc4 31. Rxc4 Qb7 32. f3 Rc8 33. Rdxd4 Kh7 34. Qd3
Rxc4 35. Qxc4 Qxf3 36. Qc7 Rc5 37. Qxe7 Qf5+ 38. Rd3 Rxc1+ 39. Kxc1 Qxd3 40.
Qxb4 Qf1+ 41. Kc2 Qf5+ 42. Kc1 Qf1+ 43. Kc2 Qf5+ 44. Kc1 Qf1+ 45. Kc2 1/2-1/2

[Event "Nazran Tower of Concord blitz"]
[Site "Nazran"]
[Date "2019.08.04"]
[Round "4"]
[White "Karjakin, Sergey"]
[Black "Inarkiev, Ernesto"]
[Result "0-1"]
[WhiteElo "2750"]
[BlackElo "2682"]
[PlyCount "122"]
[EventDate "2019.08.04"]
[EventType "match (blitz)"]
[EventRounds "8"]
[EventCountry "RUS"]
[SourceTitle "CBM 191 Extra"]
[Source "ChessBase"]
[SourceDate "2019.09.30"]
[SourceVersion "1"]
[SourceVersionDate "2019.09.30"]
[SourceQuality "1"]

1. e4 c6 2. d4 d5 3. Nc3 dxe4 4. Nxe4 Bf5 5. Ng3 Bg6 6. Nf3 e6 7. Bd3 Nf6 8.
Bxg6 hxg6 9. O-O c5 10. dxc5 Qxd1 11. Rxd1 Bxc5 12. Ne5 Nbd7 13. Nxd7 Nxd7 14.
Ne4 Rc8 15. Be3 Bxe3 16. Nd6+ Ke7 17. Nxc8+ Rxc8 18. fxe3 Ne5 19. Rd2 Rc7 20.
Re2 b5 21. Rd1 Nc4 22. c3 a5 23. Rd4 g5 24. h4 gxh4 25. Rxh4 Kf6 26. Rh8 Rc5
27. Rb8 Kg6 28. Rb7 Re5 29. e4 Nd6 30. Ra7 a4 31. b3 axb3 32. axb3 Nxe4 33. Ra5
Kf5 34. c4 bxc4 35. Rxe5+ Kxe5 36. bxc4 Kd4 37. Rc2 f5 38. Rc1 g5 39. Rc2 g4
40. Rc1 f4 41. Rc2 e5 42. Ra2 Kxc4 43. Ra8 Nc3 44. Kf2 Kd4 45. Rd8+ Ke4 46. g3
f3 47. Rg8 Nd1+ 48. Ke1 Ne3 49. Kf2 Kd4 50. Rd8+ Nd5 51. Rg8 Nf6 52. Rd8+ Ke4
53. Rf8 Nd5 54. Rg8 Ne3 55. Rg7 Kd4 56. Rd7+ Nd5 57. Rg7 Nf6 58. Rg6 Ne4+ 59.
Kf1 Nxg3+ 60. Ke1 Ke3 61. Rf6 Ne4 0-1

[Event "Nazran Tower of Concord blitz"]
[Site "Nazran"]
[Date "2019.08.04"]
[Round "5"]
[White "Inarkiev, Ernesto"]
[Black "Karjakin, Sergey"]
[Result "0-1"]
[WhiteElo "2682"]
[BlackElo "2750"]
[PlyCount "84"]
[EventDate "2019.08.04"]
[EventType "match (blitz)"]
[EventRounds "8"]
[EventCountry "RUS"]
[SourceTitle "CBM 191 Extra"]
[Source "ChessBase"]
[SourceDate "2019.09.30"]
[SourceVersion "1"]
[SourceVersionDate "2019.09.30"]
[SourceQuality "1"]

1. Nf3 d5 2. d4 Nf6 3. g3 g6 4. Bg2 Bg7 5. c4 dxc4 6. Qa4+ Nfd7 7. Qxc4 Nb6 8.
Qc2 Nc6 9. O-O O-O 10. Rd1 Bf5 11. Qc5 Qd6 12. Nc3 Nxd4 13. Qxd6 Nxf3+ 14. Bxf3
cxd6 15. Bxb7 Rab8 16. Ba6 Bc8 17. Bd3 Bd7 18. Be3 Na4 19. Nxa4 Bxa4 20. b3
Bxa1 21. Rxa1 Bb5 22. Bxa7 Rb7 23. Bxb5 Rxb5 24. Rc1 Rb7 25. Be3 Ra8 26. Rc2 f5
27. Rb2 Ra3 28. f4 Kf7 29. Kf2 Rb8 30. b4 Rba8 31. b5 Rxa2 32. Rb1 Ke8 33. b6
Kd7 34. h4 h5 35. Rb3 Rc8 36. Bd4 Ra4 37. Bc3 Kc6 38. Kf3 Kb7 39. Be1 Rc2 40.
Bf2 Rac4 41. Be3 R2c3 42. Rb2 Re4 0-1

[Event "Nazran Tower of Concord blitz"]
[Site "Nazran"]
[Date "2019.08.04"]
[Round "6"]
[White "Karjakin, Sergey"]
[Black "Inarkiev, Ernesto"]
[Result "1-0"]
[WhiteElo "2750"]
[BlackElo "2682"]
[PlyCount "94"]
[EventDate "2019.08.04"]
[EventType "match (blitz)"]
[EventRounds "8"]
[EventCountry "RUS"]
[SourceTitle "CBM 191 Extra"]
[Source "ChessBase"]
[SourceDate "2019.09.30"]
[SourceVersion "1"]
[SourceVersionDate "2019.09.30"]
[SourceQuality "1"]

1. d4 Nf6 2. c4 g6 3. Nc3 Bg7 4. e4 d6 5. Nf3 O-O 6. Be2 e5 7. O-O Nc6 8. d5
Ne7 9. Ne1 Nd7 10. Nd3 f5 11. Bd2 Nf6 12. f3 f4 13. Be1 g5 14. a4 h5 15. a5 a6
16. c5 Ng6 17. Bf2 g4 18. cxd6 cxd6 19. Na4 g3 20. hxg3 fxg3 21. Bxg3 h4 22.
Bh2 Bh6 23. f4 Nxe4 24. Nb6 Rb8 25. Nxc8 Rxc8 26. Bg4 Rc4 27. Be6+ Kg7 28. Qe2
Ng3 29. Bxg3 hxg3 30. fxe5 Qh4 31. Bh3 Re4 32. Qc2 Rc4 33. Qb3 Nf4 34. Nxf4
Rcxf4 35. Qxb7+ R8f7 36. Qxa6 dxe5 37. Qe2 Qe7 38. Rxf4 Rxf4 39. a6 Qa7+ 40.
Kh1 e4 41. d6 Bg5 42. d7 Rh4 43. Qf1 Qf2 44. Qxf2 gxf2 45. a7 e3 46. d8=Q Bxd8
47. a8=Q Bg5 1-0

[Event "Nazran Tower of Concord blitz"]
[Site "Nazran"]
[Date "2019.08.04"]
[Round "7"]
[White "Inarkiev, Ernesto"]
[Black "Karjakin, Sergey"]
[Result "0-1"]
[WhiteElo "2682"]
[BlackElo "2750"]
[PlyCount "72"]
[EventDate "2019.08.04"]
[EventType "match (blitz)"]
[EventRounds "8"]
[EventCountry "RUS"]
[SourceTitle "CBM 191 Extra"]
[Source "ChessBase"]
[SourceDate "2019.09.30"]
[SourceVersion "1"]
[SourceVersionDate "2019.09.30"]
[SourceQuality "1"]

1. d4 Nf6 2. Nf3 d5 3. g3 c6 4. c4 Bg4 5. Ne5 Bf5 6. Nc3 e6 7. Qb3 Qb6 8. c5
Qc7 9. f3 h6 10. g4 Bh7 11. Bf4 Qc8 12. h4 Nbd7 13. Rc1 Nxe5 14. Bxe5 Nd7 15.
Bg3 Be7 16. e3 O-O 17. Qd1 e5 18. Bd3 Bxd3 19. Qxd3 exd4 20. exd4 Re8 21. Kf2
Nf8 22. Ne2 Bd8 23. Nf4 Bc7 24. Rce1 Qd7 25. Nh5 Ng6 26. Qd2 Rxe1 27. Rxe1
Bxg3+ 28. Kxg3 Re8 29. f4 f5 30. g5 Kh7 31. Re3 Re4 32. Rxe4 dxe4 33. Qc3 Ne7
34. Kh3 Nd5 35. Qg3 Qf7 36. gxh6 gxh6 0-1

[Event "Nazran Tower of Concord blitz"]
[Site "Nazran"]
[Date "2019.08.04"]
[Round "8"]
[White "Karjakin, Sergey"]
[Black "Inarkiev, Ernesto"]
[Result "1-0"]
[WhiteElo "2750"]
[BlackElo "2682"]
[PlyCount "71"]
[EventDate "2019.08.04"]
[EventType "match (blitz)"]
[EventRounds "8"]
[EventCountry "RUS"]
[SourceTitle "CBM 191 Extra"]
[Source "ChessBase"]
[SourceDate "2019.09.30"]
[SourceVersion "1"]
[SourceVersionDate "2019.09.30"]
[SourceQuality "1"]

1. e4 c5 2. Nf3 e6 3. c3 Nf6 4. e5 Nd5 5. g3 Nc6 6. Bg2 f6 7. exf6 Qxf6 8. O-O
Be7 9. d4 O-O 10. Bg5 Qf7 11. Bxe7 Qxe7 12. c4 Nb6 13. d5 Na5 14. b3 exd5 15.
cxd5 Qf6 16. Na3 d6 17. Qd2 Bg4 18. Ng5 Rae8 19. Ne4 Qd4 20. Qxa5 Rxe4 21. Nb5
Qe5 22. f4 Qe7 23. Bxe4 Qxe4 24. Qxa7 Nxd5 25. Qxb7 Bh3 26. Rf2 g5 27. Nxd6 Qd4
28. Re1 gxf4 29. Ne4 Nc3 30. gxf4 Bc8 31. Qe7 Rf7 32. Qe8+ Rf8 33. Qe5 Ne2+ 34.
Rexe2 Qd1+ 35. Kg2 Bb7 36. Re3 1-0

[Event "PNWCC Online blitz JP 8th"]
[Site "Chess.com INT"]
[Date "2020.05.02"]
[Round "1"]
[White "Karjakin, Sergey"]
[Black "Sarkar, Justin"]
[Result "1-0"]
[WhiteElo "2752"]
[BlackElo "2380"]
[PlyCount "49"]
[EventDate "2020.05.02"]
[EventType "swiss (blitz)"]
[EventRounds "11"]
[EventCountry "USA"]
[SourceTitle "CBM 195 Extra"]
[Source "ChessBase"]
[SourceDate "2020.05.31"]
[SourceVersion "1"]
[SourceVersionDate "2020.05.31"]
[SourceQuality "1"]

1. e4 e5 2. Nf3 Nc6 3. Bc4 Nf6 4. d3 Be7 5. O-O O-O 6. Nc3 d6 7. a3 Bg4 8. Be3
Nd4 9. Bxd4 exd4 10. Nd5 Nxd5 11. Bxd5 c6 12. Bb3 a5 13. a4 Kh8 14. h3 Bxf3 15.
Qxf3 Qb6 16. Qg4 Rad8 17. Rae1 Qc5 18. f4 b5 19. Ra1 b4 20. Rae1 Bf6 21. Re2 g6
22. g3 Bg7 23. Qf3 Qa7 24. h4 Qd7 25. h5 1-0